000
00211 a2200097 4500
001
18295
100
_a
Shigley, J.E
245
_a
Simulation of mech systems
260
_a
_b
McGraw-Hill
_c
090
_c
13588
_d
13588
942
_a
NUST-CAE
_c
M
_c
3989
999
_c
253368
_d
253368